| 000 | 00383 a2200157 4500 | ||
|---|---|---|---|
| 003 | Nust | ||
| 005 | 20221220115957.0 | ||
| 040 | _cNust | ||
| 082 | _a100, POW | ||
| 100 |
_ajohn Cowper Powys _9105335 |
||
| 245 |
_aIn defence of sensuality _cJohn Cowper Powys |
||
| 260 |
_alondon _bVictor Gollancz _c1930 |
||
| 300 | _a287p.; | ||
| 505 | _aNo Contant Available | ||
| 942 |
_2ddc _cBK |
||
| 999 |
_c193708 _d193708 |
||